| 000 | 00496cam a22001811 4500 | ||
|---|---|---|---|
| 001 | 43907 | ||
| 090 | _a43907 | ||
| 100 | _a19931006d1935 km y0pory5003 ba | ||
| 101 | 1 | _apor | |
| 102 | _aPT | ||
| 200 | 1 |
_aA verdade acerca da batalha da Jutlândia _fJ. E. T. Harper _gtrad. Abel Tirol |
|
| 210 | 9 |
_aRio de Janeiro , Lisboa _cEditorial Enciclopédia _d[19--?] |
|
| 215 | _a225, [10] p. | ||
| 675 | _a355.48 | ||
| 700 | 1 |
_aHarper, _bJ. E. T. |
|
| 702 | 1 |
_aTirol, _bAbel _4730 |
|
| 801 | 0 |
_aPT _bBN _gRPC |
|
| 990 | _cLIVROS | ||